University Home | Library Home | Institutional Repository

EAST AFRICAN REPORT ON TRADE AND INDUSTRY. (Record no. 10207)

MARC details
000 -LEADER
fixed length control field 00451cas4a220014500 4500
001 - CONTROL NUMBER
control field zam00003825
008 - FIXED-LENGTH DATA ELEMENTS--GENERAL INFORMATION
fixed length control field 951212n xx eng u
035 ## - SYSTEM CONTROL NUMBER
System control number (Sirsi) r21139
050 ## - LIBRARY OF CONGRESS CALL NUMBER
Classification number HC511.E1A35
245 ## - TITLE STATEMENT
Title EAST AFRICAN REPORT ON TRADE AND INDUSTRY.
260 ## - PUBLICATION, DISTRIBUTION, ETC.
Place of publication, distribution, etc. Nairobi
Name of publisher, distributor, etc. News Publishers
Date of publication, distribution, etc. 1970
362 ## - DATES OF PUBLICATION AND/OR SEQUENTIAL DESIGNATION
Dates of publication and/or sequential designation Vol. 1, No. 4, 1970 - Vol. 19, No. 204, 1987
520 ## - SUMMARY, ETC.
Summary, etc. It contains articles on commerce and industry.
650 ## - SUBJECT ADDED ENTRY--TOPICAL TERM
Topical term or geographic name entry element Business.
Holdings
Withdrawn status Lost status Source of classification or shelving scheme Damaged status Not for loan Home library Current library Shelving location Total Checkouts Full call number Barcode Date last seen Copy number Price effective from Koha item type
    Library of Congress Classification     Main Library Main Library Serials   HC511.E1A35 192041987 08/12/2019 1 08/12/2019 Periodical
© 2026 - The University of Zambia Library - Koha v25.11